000 00864nam a22002777a 4500
001 000743
003 DO-SdBNP
005 20180209115248.0
007 000743
008 161125b 1997 sp a ||||| |||| 00| 0 spa d
020 _a8434847876
040 _aBPMSU
_bspa
_cBPMSU
100 1 _aLuca de Tena, Torcuato,
_d1923-1999.
245 1 0 _aEl fabricante de sueños /
_cTorcuato Luca de Tena ; ilustraciones, Chata Lucini.
250 _a3ª ed.
260 _aMadrid :
_bSM,
_c1997.
300 _a102 p. :
_bil. ;
_c19 cm.
490 1 _aBarco de vapor. Serie naranja
_v96
500 _aPara niños partir de 9 años.
500 _aIncluye datos del autor
700 1 _aLucini, Chata,
_eil.
830 0 _aBarco de vapor. Serie naranja ;
_v96
942 _2ddc
_cBK
945 _aInventariado, 2018/MFF
956 _2LOPEREZ
_310
_620161125
_8BPMSU
_a00041
999 _c12102
_d12102